| 000 | 00786nam a2200217Ia 4500 | ||
|---|---|---|---|
| 999 |
_c40088 _d40088 |
||
| 001 | 6694 | ||
| 003 | GE_BSU | ||
| 005 | 20191224103302.0 | ||
| 008 | 181216s1975||||ge |||||||||||||| ||geo|| | ||
| 040 | _cGE_BSU | ||
| 041 | _ageo | ||
| 080 | _a821.353.1 გ-44 | ||
| 100 |
_aგვარიშვილი, ნანა. _95921 |
||
| 245 |
_aრჩეული : _bლექსები / _cნანა გვარიშვილი ; რედ. შ. ზოიძე. |
||
| 264 |
_aბათუმი : _bსაბჭ.აჭარა, _c1975. |
||
| 300 |
_a225 გვ. ; _bფოტო-პორტრეტი, _c21სმ. |
||
| 653 | _aლექსები | ||
| 653 | _aრჩეული | ||
| 700 |
_aზოიძე, შ. _eრედაქტორი _92577 |
||
| 942 |
_cBK _2udc |
||